Entry Topical Term
Number of records used in: 1
001 - CONTROL NUMBER
003 - CONTROL NUMBER IDENTIFIER
005 - DATE AND TIME OF LATEST TRANSACTION
- control field:
20230403145157.0
008 - FIXED-LENGTH DATA ELEMENTS
- fixed length control field:
230403|| aca||aabn | a|a d
040 ## - CATALOGING SOURCE
- Original cataloging agency:
JRU
- Transcribing agency:
JRU
150 ## - HEADING--TOPICAL TERM
- Topical term or geographic name as entry element:
PHARMACY
- General subdivision:
B.PHARMA
670 ## - SOURCE DATA FOUND
- Source citation:
Work cat.: (JRU)8257: BOONE,DAVID R. AND CASTENHOIZ, RICHARD W 7690, BERGEY'S MANUAL OF SYSTEMATIC BACTERIOGLOGY VOL-1-ARCHAEA AND THE DEEPLY BRANCHING AND PHOTOTROPHIC BACTERIA